Citizen suit enforcement in a mixed system: Evidence from the Clean Water Act

Saved in:  
Bibliographic Details
Main Author: Gardner, Paul J. (Author)
Format: Print Article
Language:English
Published: 2015
In:Enthalten in: Annual Meeting of the Midwest Political Science Association
Check availability: HBZ Gateway
Keywords:

MARC

LEADER 00000caa a22000002c 4500
001 1912480328
003 DE-627
005 20250116055008.0
007 tu
008 241217s2015 xx ||||| 00| ||eng c
035 |a (DE-627)1912480328 
035 |a (DE-599)KXP1912480328 
040 |a DE-627  |b ger  |c DE-627  |e rda 
041 |a eng 
084 |a 2,1  |2 ssgn 
100 1 |a Gardner, Paul J.  |e VerfasserIn  |4 aut 
245 1 0 |a Citizen suit enforcement in a mixed system: Evidence from the Clean Water Act 
264 1 |c 2015 
336 |a Text  |b txt  |2 rdacontent 
337 |a ohne Hilfsmittel zu benutzen  |b n  |2 rdamedia 
338 |a Band  |b nc  |2 rdacarrier 
655 4 |a Konferenzschrift ; 2015 ; Chicago, IL 
773 0 8 |i Enthalten in  |t Annual Meeting of the Midwest Political Science Association 
935 |a mkri 
951 |a AR 
ELC |b 1 
LOK |0 000 xxxxxcx a22 zn 4500 
LOK |0 001 4637445825 
LOK |0 003 DE-627 
LOK |0 004 1912480328 
LOK |0 005 20241217044224 
LOK |0 008 241217||||||||||||||||ger||||||| 
LOK |0 035   |a (DE-2619)ICPSR126257 
LOK |0 040   |a DE-2619  |c DE-627  |d DE-2619 
LOK |0 092   |o n 
LOK |0 852   |a DE-2619 
LOK |0 852 1  |9 00 
LOK |0 935   |a uvkn  |a nacp 
LOK |0 939   |a 17-12-24  |b l01 
ORI |a SA-MARC-krimdoka001.raw